| 000 | 00556nam a2200193Ia 4500 | ||
|---|---|---|---|
| 003 | OSt | ||
| 005 | 20250526153250.0 | ||
| 008 | 210210b1985 xxu||||| |||| 00| 0 eng d | ||
| 040 | _cAL | ||
| 041 | _aKannada | ||
| 082 | _aK894.3 ICHH | ||
| 100 |
_aICHANURU JAYALAKSHMI. _dಈಚನೂರು ಜಯಲಕ್ಷ್ಮಿ _9211094 |
||
| 245 |
_aHejjemudada hadi. _bಹೆಜ್ಜೆಮೂಡದ ಹಾದಿ |
||
| 260 |
_aBangaluru _bLila Prakashana _c1985 |
||
| 300 | _aiv,152 | ||
| 690 |
_aKannada Fiction _9211095 |
||
| 906 | _a040174 | ||
| 942 |
_2ddc _cBK |
||
| 999 |
_c90182 _d90182 |
||